Statistics for Suomessa havaitut T-kirjaimella alkavat lintulajit

Click here to take the quiz!

General Stats

  • This quiz has been taken 87 times
  • The average score is 11 of 38

Answer Stats

Answer % Correct
Tavi
80%
Talitiainen
80%
Töyhtöhyyppä
68%
Telkkä
62%
Teeri
62%
Tukkasotka
62%
Tilhi
55%
Töyhtötiainen
52%
Tunturipöllö
44%
Taviokuurna
41%
Taivaanvuohi
39%
Tuulihaukka
38%
Tikli
38%
Tervapääsky
38%
Tukkakoskelo
36%
Törmäpääsky
35%
Tunturihaukka
33%
Tiltaltti
30%
Tornipöllö
29%
Tylli
23%
Tundrahanhi
23%
Tundrakurmitsa
18%
Töyhtökiuru
18%
Tunturikihu
15%
Tunturikiuru
14%
Tulipäähippiäinen
14%
Tundraurpiainen
14%
Turturikyyhky
12%
Tundravikla
11%
Tundrakirvinen
11%
Turkinkyyhky
9%
Taigauunilintu
9%
Tammitikka
8%
Taigakirvinen
8%
Tiiralokki
6%
Taigarautiainen
5%
Tundrakurppelo
5%
Tundrakuikka
5%

Score Distribution

Percentile by Number Answered

Percent of People with Each Score

Your Score History

You have not taken this quiz